000
00345nam a2200157Ia 4500
008
100122s9999 xx 000 0 und d
082
_b
67293
_a
B525
100
_a
BHANOT T R
245
_a
THE EARTH
250
_a
0
260
_b
DREAMLAND PABLICATION
_c
1995
300
_a
64
630
_a
THE EARTH
730
_a
THE EARTH
942
_c
BOOK
999
_c
380883
_d
380880